| 000 | 01044cam a2200301 4500 | ||
|---|---|---|---|
| 008 | 000000n2000 000 0 eng u | ||
| 020 | _a0860175456 | ||
| 035 | _a(Sirsi) u109202 | ||
| 050 | _a333.73 | ||
| 100 | _aFinnamore, J.R. | ||
| 110 |
_aConstruction Industry Research and Information Association _94810 |
||
| 245 | _aLand contamination : management of financial risk. | ||
| 260 |
_aLondon _bCIRIA _c2000 |
||
| 300 | _a137p. ; 30cm. | ||
| 350 | _a95.00 | ||
| 490 |
_aCIRIA Publication _vC545 |
||
| 520 | _aReviews the way in which parties involved in the investigation, assessment or remedial treatment of contaminated land understand and manage their financial risk and provides guidance aimed at improving practice. | ||
| 650 | _aCONTAMINATED LAND | ||
| 650 | _aRISK MANAGEMENT | ||
| 650 | _aLIABILITY | ||
| 650 | _aFINANCIAL RISK MANAGEMENT | ||
| 650 |
_aInsurance _96249 |
||
| 650 | _aRISK FINANCING | ||
| 690 | _aENVIRONMENT-CONTAMINATION | ||
| 700 | _aDenton, B. | ||
| 700 | _aNathanail, C.P. | ||
| 942 | _n0 | ||
| 999 |
_c100894 _d100894 |
||